Library of the University of Algiers 3
Ibrahim Sultan Cheibout
شعار جامعة الجزائر 3
مكتبة جامعة الجزائر 3
إبراهيم سلطان شيبوط

إدارة الانتاج و العمليات / (رقم التسجيلة. 43741)

تفاصيل مارك
000 -LEADER
fixed length control field 01359nam a2200217Ia 4500
003 - CONTROL NUMBER IDENTIFIER
control field Ost
005 - DATE AND TIME OF LATEST TRANSACTION
control field 20260507075256.0
008 - FIXED-LENGTH DATA ELEMENTS--GENERAL INFORMATION
fixed length control field 260507s9999||||xx |||||||||||||| ||und||
040 ## - CATALOGING SOURCE
Transcribing agency fsecg
041 ## - LANGUAGE CODE
Language code of text/sound track or separate title ara
082 ## - DEWEY DECIMAL CLASSIFICATION NUMBER
Classification number 330
100 ## - MAIN ENTRY--PERSONAL NAME
Personal name محسن، عبد الكريم
Relator term مؤلف
245 #0 - TITLE STATEMENT
Title إدارة الانتاج و العمليات /
Statement of responsibility, etc. عبد الكريم محسن
250 ## - EDITION STATEMENT
Edition statement طبعة 2 مزيدة و منقحة
260 ## - PUBLICATION, DISTRIBUTION, ETC.
Place of publication, distribution, etc. بغداد:
Name of publisher, distributor, etc. مكتبة الذاكرة,
Date of publication, distribution, etc. 2006
300 ## - PHYSICAL DESCRIPTION
Extent 564 صفحة؛
Other physical details إيضاحات ؛
Dimensions 24 سم
520 ## - SUMMARY, ETC.
Summary, etc. مدخل الى ادارة الانتاج و العمليات ، استراتيجية الشركة ، الاعمال و العمليات مع تنبؤ الطلب ، تخطيط و تطوير المنتوج أو الخدمة ، تخطيط و تصميم العملية ة تخطيط الطاقة و اختيار موقع المصنع ، الترتيب الداخلي للمصنع و التخطيط الاجمالي للانتاج ، تخطيط الاحتياجات من المواد mrp جدولة العمليات التشغيلية و ضبط الجودة و أخيرا ادارة الصيانة مع تمارين و أسئلة في نهاية كل فصل .
653 ## - INDEX TERM--UNCONTROLLED
Uncontrolled term الانتاج ــ ادارة
700 ## - ADDED ENTRY--PERSONAL NAME
Personal name النجار، صباح مجيد
Relator term مؤلف ثانوي
942 ## - ADDED ENTRY ELEMENTS (KOHA)
Koha item type كتب
المقتنيات
Withdrawn status Lost status Source of classification or shelving scheme Damaged status Not for loan Home library Current library Date acquired Serial enumeration / chronology Inventory number Total checkouts Full call number Barcode Date last seen Price effective from Koha item type
    Dewey Decimal Classification   NOT LOAN / إعارة داخلية مكتبة كلية العلوم الإقتصادية والعلوم التجارية وعلوم التسيير مكتبة كلية العلوم الإقتصادية والعلوم التجارية وعلوم التسيير 07/05/2026 الطابق الأرضي 2011/6649   أ/3760ن1 2011/6649 07/05/2026 07/05/2026 كتب
    Dewey Decimal Classification   Available مكتبة كلية العلوم الإقتصادية والعلوم التجارية وعلوم التسيير مكتبة كلية العلوم الإقتصادية والعلوم التجارية وعلوم التسيير 07/05/2026 الطابق الأرضي 2011/6650   أ/3760ن2 2011/6650 07/05/2026 07/05/2026 كتب
    Dewey Decimal Classification   Available مكتبة كلية العلوم الإقتصادية والعلوم التجارية وعلوم التسيير مكتبة كلية العلوم الإقتصادية والعلوم التجارية وعلوم التسيير 07/05/2026 الطابق الثاني 2011/6651   أ/3760ن3 2011/6651 07/05/2026 07/05/2026 كتب

موارد الويب المفتوحة


© University of Algiers 3 All Rights Reserved
|
Implemented by LECHELAH Riad